Introduction to material and energy balances
Uloženo v:
| Hlavní autoři: | , |
|---|---|
| Médium: | Kniha |
| Jazyk: | angličtina |
| Vydáno: |
Nueva York
John Wiley
1983
|
| Vydání: | 1a. ed |
| Témata: | |
| Tagy: |
Přidat tag
Žádné tagy, Buďte první, kdo vytvoří štítek k tomuto záznamu!
|
MARC
| LEADER | 00000cam a2200000 a 4500 | ||
|---|---|---|---|
| 001 | UCV6986 | ||
| 003 | CL-VaPUC | ||
| 008 | 890928e19830000US |||||||||||||||||eng|d | ||
| 020 | |a 0471041319 | ||
| 082 | 0 | 4 | |a 660.284 |b REK |2 21 |
| 100 | 0 | |a Reklaitis, G. V |e author |9 300968 | |
| 700 | 0 | |a Schneider, Daniel R |e author |9 300969 | |
| 245 | 1 | 0 | |a Introduction to material and energy balances |
| 250 | |a 1a. ed | ||
| 300 | |a 683 p | ||
| 942 | |c BK | ||
| 945 | |d 19890928 00:00:00 | ||
| 260 | |a Nueva York |b John Wiley |c 1983 | ||
| 650 | 0 | |a Procesos químicos |9 259436 | |
| 650 | 0 | |a Modelos matemáticos |9 259437 | |
| 583 | |a last modification |c 20171031 14:12:42 |k Rodrigo Vera | ||
| 999 | |c 212753 |d 212751 | ||
| 952 | |0 0 |1 0 |4 0 |6 660_284000000000000_REK_1983 |7 0 |8 A |9 194320 |a BIBING |b BIBING |d 2019-11-14 |i 4924452 |l 1 |o 660.284 REK 1983 |p 4924452 |r 2025-01-20 |s 2023-05-23 |w 2019-11-14 |y BK |k EIQ | ||